000 00418nam a22001457a 4500
020 _a9788174092342
082 _a624
_bSHA
_cL-38, P-82
100 _aSharma, S.C
_98925
245 _aConstruction engineering and management of projects /
_cS.C, Sharma
260 _aDelhi
_bKhanna Publishers
_c2008.
300 _axiii, 790 p. :
526 _a0
_b1
_c0
_d624_000000000000000_SHA
650 _aMCE
_9379
942 _2ddc
_cBK
999 _c546190
_d546190